[Event "GRE-ch Online Blitz op 1st"]
[Site "Tornelo INT"]
[Date "2021.02.07"]
[Round "2"]
[White "Margaritis, Ioannis M"]
[Black "Amiridou, Dimitra"]
[Result "1-0"]
[WhiteElo "1097"]
[BlackElo "1804"]
[PlyCount "69"]
[EventDate "2021.02.07"]
[EventType "swiss (blitz)"]
[EventRounds "16"]
[EventCountry "GRE"]
[SourceTitle "EXT 2023"]
[Source "ChessBase"]
[SourceDate "2022.10.05"]
[SourceVersion "1"]
[SourceVersionDate "2022.10.05"]
[SourceQuality "1"]

1. d4 Nf6 2. c4 g6 3. Nc3 Bg7 4. e4 d6 5. f4 0-0 6. Nf3 e5 7. fxe5 dxe5 8. d5 Nbd7 9. Bd3 b6 10. 0-0 Ne8 11. Bg5 f6 12. Bh4 Nd6 13. Nd2 g5 14. Bf2 f5 15. Qe2 f4 16. b4 Nf6 17. c5 Nf7 18. Rac1 g4 19. Qd1 f3 20. g3 Ng5 21. Be3 Nh3+ 22. Kh1 Nh5 23. Re1 N5f4 24. Bxf4 exf4 25. Nf1 f2 26. Re2 fxg3 27. Nxg3 Qf6 28. Qf1 Qf3+ 29. Qg2 f1Q+ 30. Rxf1 Qxd3 31. Rxf8+ Kxf8 32. Na4 Qd1+ 33. Nf1 Kg8 34. Nc3 Qd3 35. Rc2 1-0

[Event "GRE-ch Online Rapid op 1st"]
[Site "Tornelo INT"]
[Date "2021.02.06"]
[Round "7"]
[White "Amiridou, Dimitra"]
[Black "Kyriakidis, Orestis"]
[Result "1-0"]
[WhiteElo "1753"]
[BlackElo "1290"]
[PlyCount "41"]
[EventDate "2021.02.06"]
[EventType "swiss (rapid)"]
[EventRounds "8"]
[EventCountry "GRE"]
[SourceTitle "EXT 2023"]
[Source "ChessBase"]
[SourceDate "2022.10.05"]
[SourceVersion "1"]
[SourceVersionDate "2022.10.05"]
[SourceQuality "1"]

1. e4 c5 2. Nf3 Nc6 3. d4 cxd4 4. Nxd4 g6 5. Nc3 Bg7 6. Be3 e6 7. Bc4 Nge7 8. Ndb5 0-0 9. Nd6 Qa5 10. 0-0 Bxc3 11. bxc3 Qxc3 12. Bh6 Rd8 13. Rb1 a6 14. Rb3 Qf6 15. Rf3 Qh4 16. Nxf7 d5 17. Bg5 Qh5 18. Nh6+ Qxh6 19. Bxh6 dxc4 20. Qxd8+ Nxd8 21. Rf8# 1-0

[Event "GRE-ch Online Rapid op 1st"]
[Site "Tornelo INT"]
[Date "2021.02.06"]
[Round "4"]
[White "Nikolakopoulos, Leonidas Marios"]
[Black "Amiridou, Dimitra"]
[Result "0-1"]
[WhiteElo "1165"]
[BlackElo "1753"]
[PlyCount "58"]
[EventDate "2021.02.06"]
[EventType "swiss (rapid)"]
[EventRounds "8"]
[EventCountry "GRE"]
[SourceTitle "EXT 2023"]
[Source "ChessBase"]
[SourceDate "2022.10.05"]
[SourceVersion "1"]
[SourceVersionDate "2022.10.05"]
[SourceQuality "1"]

1. e4 c5 2. Nf3 d6 3. Bb5+ Bd7 4. Bxd7+ Qxd7 5. d4 cxd4 6. Nxd4 Nf6 7. Nc3 e6 8. 0-0 Be7 9. Qf3 Nc6 10. Nxc6 bxc6 11. Qg3 h5 12. f4 d5 13. e5 Ng4 14. h3 Bc5+ 15. Kh1 0-0-0 16. Na4 Qe7 17. Qd3 Nf2+ 18. Rxf2 Bxf2 19. Bd2 f6 20. Rf1 Bb6 21. Qc3 Qc7 22. Qb3 fxe5 23. fxe5 Rdf8 24. Re1 Bf2 25. Rd1 Qxe5 26. Nc5 Bxc5 27. Qa4 Bd6 28. Qxc6+ Bc7 29. Kg1 Qh2# 0-1

[Event "Thessaloniki/Chalkidiki-chT"]
[Site "Thessaloniki/Chalkidiki"]
[Date "2019.03.24"]
[Round "9.5"]
[White "Salimova, Nurgyul"]
[Black "Amiridou, Dimitra"]
[Result "1-0"]
[WhiteElo "2405"]
[BlackElo "1802"]
[PlyCount "69"]
[EventDate "2019.01.13"]
[EventType "team-tourn"]
[EventRounds "9"]
[EventCountry "GRE"]
[SourceTitle "EXT 2020"]
[Source "ChessBase"]
[SourceDate "2019.10.17"]
[SourceVersion "1"]
[SourceVersionDate "2019.10.17"]
[SourceQuality "1"]
[WhiteTeam "Polichnis"]
[BlackTeam "Keravnos MAPO"]
[WhiteTeamCountry "GRE"]
[BlackTeamCountry "GRE"]

1. e4 e5 2. Nf3 Nc6 3. Nc3 Nf6 4. Bb5 Nd4 5. Bc4 d6 6. h3 Be7 7. d3 0-0 8. Nxd4 exd4 9. Ne2 d5 10. exd5 Nxd5 11. 0-0 c5 12. Ng3 Kh8 13. Re1 Be6 14. Bd2 Qd7 15. a4 a6 16. a5 f5 17. Qe2 Rf6 18. Nh5 Raf8 19. Nxf6 Rxf6 20. Qf3 f4 21. Rxe6 Rxe6 22. Bxd5 Rd6 23. Bxb7 g5 24. Re1 Bf8 25. b4 Rg6 26. bxc5 Bxc5 27. Be4 Rh6 28. Rb1 Bd6 29. c3 Be5 30. cxd4 Qxd4 31. Qg4 Qd8 32. Qf5 Bd4 33. Rb7 Qg8 34. Rf7 Bc5 35. Bc3+ 1-0

[Event "Thessaloniki/Chalkidiki-chT"]
[Site "Thessaloniki/Chalkidiki"]
[Date "2019.02.10"]
[Round "4.5"]
[White "Drakaki, Anna Maria"]
[Black "Amiridou, Dimitra"]
[Result "1-0"]
[WhiteElo "1949"]
[BlackElo "1802"]
[PlyCount "83"]
[EventDate "2019.01.13"]
[EventType "team-tourn"]
[EventRounds "9"]
[EventCountry "GRE"]
[SourceTitle "EXT 2020"]
[Source "ChessBase"]
[SourceDate "2019.10.17"]
[SourceVersion "1"]
[SourceVersionDate "2019.10.17"]
[SourceQuality "1"]
[WhiteTeam "Kalamarias ES"]
[BlackTeam "Keravnos MAPO"]
[WhiteTeamCountry "GRE"]
[BlackTeamCountry "GRE"]

1. d4 Nf6 2. c4 d6 3. Nc3 Nbd7 4. Nf3 e5 5. e3 Be7 6. Be2 0-0 7. 0-0 c6 8. Qc2 a6 9. Rd1 Qc7 10. b4 b5 11. a3 Bb7 12. Bb2 Rfe8 13. Rac1 Rac8 14. Qb3 Qb8 15. dxe5 Nxe5 16. Nxe5 dxe5 17. c5 Rcd8 18. Bf3 Bf8 19. Ne4 Nd5 20. Ng3 Ne7 21. Qc3 Ng6 22. Be4 Qc7 23. Qc2 Bc8 24. h4 Nxh4 25. Bxh7+ Kh8 26. Qe4 Qe7 27. Rxd8 Rxd8 28. Bxe5 Re8 29. Bd4 Qd8 30. Qc2 Qd5 31. Be4 Qe6 32. Qe2 Qh6 33. Bxc6 Re6 34. Bd5 Re7 35. c6 Nf5 36. Nxf5 Bxf5 37. c7 Rxc7 38. Rxc7 Bd6 39. Bxg7+ Qxg7 40. Qh5+ Bh7 41. Rc8+ Bf8 42. Be4 1-0